Statistiques concernant Tekken - Liste des personnages

Cliquez ici pour prendre le quiz!

Statistiques générales

  • Ce quiz a été pris 202 fois
  • Le résultat moyen est 40 sur 86

Statistiques - réponses

Jeu d'apparitionPersonnage% Correct
Jin Kazama
94%
Kazuya Mishima
91%
Paul Phoenix
87%
Heihachi Mishima
86%
King
84%
Lee Chaolan
83%
Marshall Law
83%
Eddy Gordo
81%
Forest Law
81%
Nina Williams
81%
Jack
80%
Yoshimitsu
80%
Panda
79%
Anna Williams
74%
Bryan Fury
71%
Devil Jin
70%
Kuma
69%
Steve Fox
69%
TekkenArmor King
65%
Jun Kazama
64%
Lili Rochefort
64%
Tekken 5Asuka Kazama
62%
Hwoarang
61%
Lei Wulong
61%
Slim Bob
59%
Bob Richards
58%
Julia Chang
58%
Ling Xiaoyu
58%
Ogre
58%
Lars Alexandersson
57%
Raven
57%
Jinpachi
55%
Mokujin
55%
Jack-5
54%
Tekken 6Alisa Boskonovitch
53%
Craig Marduk
52%
Jack-2
52%
Tekken 5 : Dark ResurrectionSergei Dragunov
52%
Miguel Caballero Rojo
50%
Feng Wei
49%
Gon
49%
Tekken 4Christie Monteiro
48%
Jack-6
47%
Tekken 7Akuma
45%
Angel
44%
Bruce Irvin
44%
Kunimitsu
44%
Leo Kliesen
44%
Roger
44%
Wang Jinrei
41%
Zafina
41%
Devil Kazuya
40%
Baek Doo San
39%
Tekken 2Alex
38%
Ganryu
38%
Kazumi Hachijo Mishima
38%
Michelle Chang
38%
Claudio Serafino
37%
Lucky Chloe
37%
Master Raven
37%
Azazel
33%
Katarina Alves
33%
Gun Jack
32%
Gigas
31%
Tiger Jackson
31%
Violet
31%
Unknown
29%
Prototype Jack
27%
Shaheen
26%
Combot
23%
Dr. Boskonovitch
21%
Eliza
19%
Roger Jr.
19%
Miharu Hirano
18%
Tekken Tag TournamentTetsujin
18%
Josie Rizal
17%
Sebastien
16%
Leroy Smith
12%
Tekken Tag Tournament 2Jaycee
10%
Nancy-MI847J
9%
Street Fighter X TekkenJack-X
7%
Tekken 3Dr. Abel
4%
Emma Kliesen
2%
Jane
2%
Tougou del Amigo
2%
Geeze Howard
0%

Distribution des résultats

Percentile par nombre de réponses

% des personnes avec chaque résultat

Votre développement - résultats

Vous n’avez pas pris ce quiz